000 00462nam a2200193Ia 4500
003 OSt
005 20251128094312.0
008 250729s2005 xx 000 0 und d
020 _a978-8125925316
040 _cAL
041 _aeng
082 _a370.954 AGGD
100 _aAggarwal J C
_9225203
245 _aDevelopment & Planning of modern education
260 _aNew Delhi
_c2005
300 _a560p
650 _aEducation
_9225204
942 _2ddc
_cBED
999 _c236798
_d236798